Forbes' Most Powerful People (2015) Quiz Stats

 Plays Quiz Updated Feb 1, 2018

Challenge
Share
Tweet
Embed
Score 0/74 Timer 15:00
0 Plays Today
Title Person % Correct
President, USA

Barack Obama
97.3%
President, Russia

Vladimir Putin
96.4%
Co-Chair, Gates FoundationBill Gates
89.5%
Chancellor, Germany

Angela Merkel
80.8%
Pope

Pope Francis
76.6%
CEO, Facebook

Mark Zuckerberg
65.6%
Prime Minister, UK

David Cameron
63%
Founder, Clinton FoundationBill Clinton
56.9%
Politician, USAHillary Clinton
55.5%
Supreme Leader, North KoreaKim Jong-un
48.2%
Businessman, USADonald Trump
48.1%
President, World Bank

Jim Yong Kim
48%
CEO, Koch Industries

Charles Koch
46.9%
Vice President, Koch IndustriesDavid Koch
46.8%
President, France

Francois Hollande
43.5%
CEO, Berkshire HathawayWarren Buffett
41.1%
Prime Minister, Israel

Benjamin Netanyahu
36.8%
President, China

Xi Jinping
36.4%
CEO, Amazon.com

Jeff Bezos
33.7%
CEO, Tesla MotorsElon Musk
30%
Founder/Chairman, Alibaba GroupJack Ma
29.7%
CEO, Bloomberg L.P.

Michael Bloomberg
29.7%
CEO, TencentMa Huateng
29.3%
CEO, News Corp

Rupert Murdoch
28.7%
Prime Minister, CanadaJustin Trudeau
28.2%
CEO, Apple

Tim Cook
27.7%
Chief Justice, US Supreme CourtJohn Roberts
25.8%
Cofounder, GoogleSergey Brin
24.2%
Secretary-General, UN

Ban Ki-moon
23.5%
King, Saudi Arabia

Salman bin Abdulaziz Al Saud
23.2%
CEO, Dell

Michael Dell
23%
Chair, Federal ReserveJanet Yellen
22.3%
Cofounder, GoogleLarry Page
22.3%
Prime Minister, India

Narendra Modi
20.3%
Prime Minister, Japan

Shinzō Abe
19.1%
Founder, Icahn EnterprisesCarl Icahn
18.6%
President, Brazil

Dilma Rousseff
13.6%
Title Person % Correct
Chairman, América MóvilCarlos Slim Helú
12.8%
President, South KoreaPark Geun-hye
11.7%
Premier, China

Li Keqiang
11.6%
CEO, JPMorgan Chase

Jamie Dimon
11.5%
Chairman, Hutchison WhampoaLi Ka-shing
11.5%
CEO, Baidu

Robin Li
11.5%
Managing Director, IMFChristine Lagarde
10.2%
Vice Chairman, Samsung GroupJay Y. Lee
9.2%
President, Egypt

Abdel el-Sisi
8.9%
Self-proclaimed Caliph, Islamic StateAbu Bakr al-Baghdadi
8.1%
Grand Ayatollah, Iran

Ali Hoseini-Khamenei
8%
President, European Central BankMario Draghi
7.5%
President, Mexico

Enrique Peña Nieto
7.4%
CEO, ArchelorMittal

Lakshmi Mittal
7.4%
CEO, Goldman SachsLloyd Blankfein
6.3%
CEO, Dangote Group

Aliko Dangote
6.2%
CEO, Exxon Mobil

Rex Tillerson
5.9%
CEO, Toyota

Akio Toyoda
5.5%
Director-General, World Health Org.Margaret Chan
5.1%
CEO, General Electric

Jeffrey Immelt
4.9%
CEO, Microsoft

Satya Nadella
4.4%
Chairman, Dalian Wanda GroupWang Jianlin
3.6%
CEO, Softbank

Masayoshi Son
3.3%
CEO, Gazprom

Alexey Miller
3.2%
Cofounder/CEO, BlackRockLarry Fink
3.1%
CEO, General Motors

Mary Barra
3.1%
Chairman, Reliance IndustriesMukesh Ambani
2.6%
CEO, Walmart

Doug McMillon
2.5%
CEO, IBM

Ginni Rometty
2.4%
CEO, Blackstone GroupStephen Schwarzman
2.4%
CEO, LVMH

Bernard Arnault
2.3%
President, UAE

Khalifa bin Zayed Al-Nahyan
2%
Chairman, China Investment Corp.Ding Xuedong
1.6%
Governor, Bank of JapanHaruhiko Kuroda
1.5%
Chairman, Rosneft

Igor Sechin
1.4%
Founder, Metalloinvest

Alisher Usmanov
1.1%
Oil Minister, Saudi Arabia Ali Al-Naimi
1%

You're not logged in!

Compare scores with friends on all Sporcle quizzes.
OR
Log In

You Might Also Like...

Show Comments

Extras

Top Quizzes Today


Score Distribution

Your Account Isn't Verified!

In order to create a playlist on Sporcle, you need to verify the email address you used during registration. Go to your Sporcle Settings to finish the process.

Report this User

Report this user for behavior that violates our Community Guidelines.

Details: